Kontaktnyje zadači dlja tel stonkimi pokrytjami s proslojkami /

Saved in:
Bibliographic Details
Main Authors: Aleksandrov, Viktor Michajlovič (Author), Mchitarjan, S.M (Author)
Format: Book
Language:Russian
Published: Moskva : Nauka, 1983
Subjects:
Tags: Add Tag
No Tags, Be the first to tag this record!

MARC

LEADER 00000nam a22000003a 4500
001 stu34226
005 20150617225729.5
008 920311s1983----xxr-----------------rus-d
040 |a STU  |b slo 
041 0 |a rus 
044 |a xxr 
080 |a 539.3 
100 1 |a Aleksandrov, Viktor Michajlovič  |4 aut 
245 1 |a Kontaktnyje zadači dlja tel stonkimi pokrytjami s proslojkami /  |c [aut.]V.M. Aleksandrov, S.M. Mchitarjan 
260 |a Moskva :  |b Nauka,  |c 1983 
300 |a 487 s 
650 7 |a pružnosť  |2 stusub 
700 1 |a Mchitarjan, S.M  |4 aut 
996 |b 284M062240  |c M*1276-1  |l MMKN  |s A  |a 24  |w stu34226_0001